| 000 | 00464nam a2200169Ia 4500 | ||
|---|---|---|---|
| 999 |
_c36914 _d36914 |
||
| 003 | OSt | ||
| 005 | 20200903122312.0 | ||
| 008 | 190216s9999||||xx |||||||||||||| ||und|| | ||
| 040 | _coclc | ||
| 082 |
_a530.076 _bSAU/P |
||
| 100 |
_aSaurabh, A _94405 |
||
| 245 | 0 |
_aPhysics Olympiad / _cA Saurabh |
|
| 260 |
_bArihant Prakashan, _c2008. _aMeerut: |
||
| 300 | _a304p | ||
| 650 | _aPhysics | ||
| 942 |
_cREF _2ddc _h530.076 _iSAU/P _k530.076 _mSAU/P |
||